| 000 | 00404cam a2200169ua 4500 | ||
|---|---|---|---|
| 020 | _c8.00 | ||
| 041 |
_amal _h |
||
| 082 |
_a894.812308 _bDUM/DI |
||
| 100 | _aDumas, Alexander . | ||
| 245 |
_aDiana / _cAlexander Dumas. _hTextual Documents |
||
| 260 |
_aChampakulam : _bB.K.M Book Depot , _c1961. |
||
| 300 | _a667 ; . | ||
| 365 | _a8.00 | ||
| 504 | _a | ||
| 942 | _cBK | ||
| 999 |
_c11722 _d11722 |
||